De la consignacin̤ en derecho romano a su proyeccin̤ en el derecho civil

Detalles Bibliográficos
Autor principal: Martn̕ez de Morentin Llamas, M.® Lourdes
Formato: eBook
Lenguaje:español
Publicado: Madrid: Dykinson, 2013
Materias:
Acceso en línea:Acceso restringido

MARC

LEADER 00000nam a22000007a 4500
005 20140603015759.0
007 cr|||| |||
008 140603s2013 es |||||s|||| 00||0 spa d
020 |a 978-84-9031-961-1 
035 |a 12212 
040 |a vLex 
090 |c 4974  |d 4974 
100 1 |a Martn̕ez de Morentin Llamas, M.® Lourdes 
245 1 6 |a De la consignacin̤ en derecho romano a su proyeccin̤ en el derecho civil  |h [Recurso electrn̤ico] /  |c M.® Lourdes Martn̕ez de Morentin Llamas 
256 |a Servicio en ln̕ea 
260 |a Madrid:  |b Dykinson,  |c 2013 
300 |a 1 recurso electrn̤ico 
500 |a A partir de su origen romans̕tico, la institucin̤ de la consignacin̤ sufre una evolucin̤ en su rǧimen jurd̕ico que se prolonga bs̀icamente hasta la codificacin̤, por lo que a todas luces constituye un acierto el examen realizado por la A., desde su contexto histr̤ico jurd̕ico primigenio hasta su proyeccin̤ en el ordenamiento espaǫl. La consignacin̤ en derecho actual se conforma como una institucin̤ cls̀ica del derecho civil, que regulada en su redaccin̤ originaria en nuestro Cd̤igo, ha permanecido inalterada hasta nuestros da̕s. A pesar de su trascendencia prc̀tica, cabe afirmar, como hace la A., que ha sido objeto de una insuficiente atencin̤ por parte nuestra doctrina, lo que contrasta con la relevancia que se le ha reconocido en otros pas̕es de nuestro entorno, como es el caso del derecho francš, alemǹ o italiano, que se conforman como los sistemas de referencia en la materia, conforme se deduce del anl̀isis que de štos realiza la A., que aporta atinadas observaciones que contribuyen a dar una solucin̤ a algunos de los problemas que se plantean en la regulacin̤ de la institucin̤. Una de las mayores novedades de la investigacin̤ de la A. es la constituida por el estudio de la vertiente procesal de la consignacin̤, como institucin̤ encuadrada en el m̀bito de la Jurisdiccin̤ Voluntaria. La mencionada cuestin̤ es abordada por la A. desde la p̤tica no sl̤o de la actual regulacin̤, sino tambiň de las propuestas de articulacin̤ al respecto contenidas en los proyectos prelegislativos y legislativos de la l︢tima dčada en materia de Jurisdiccin̤ Voluntaria. 
506 1 |a Disponible solo en los productos indicados  |d vLex Global  |d vLex Global (Academic Edition, excluding Law Schools)  |d vLex Global (U.S. Academic Edition, Law Schools)  |d vLex Global (U.S. Academic Edition, excluding Law Schools)  |d vLex Global (Academic Edition, Law Schools) 
650 0 4 |a Derecho Civil  |z Espaą 
740 0 |a vLex Libros (Servicio en ln̕ea) 
856 4 0 |u http://vlex.com/source/consignacion-en-derecho-romano-a-su-proyecciin-en-el-derecho-civil-12212  |z Acceso restringido 
942 |c BOOK 
999 0 |a Civil Law